Microscopic 3e Hematology : (Record no. 353245)
[ view plain ]
| 000 -LEADER | |
|---|---|
| fixed length control field | 00369nam a2200121Ia 4500 |
| 008 - FIXED-LENGTH DATA ELEMENTS--GENERAL INFORMATION | |
| fixed length control field | 180116s9999 xx 000 0 und d |
| 020 ## - INTERNATIONAL STANDARD BOOK NUMBER | |
| International Standard Book Number | 9780729540728 |
| 100 ## - MAIN ENTRY--PERSONAL NAME | |
| Personal name | Rozenberg, Gillian |
| 245 ## - TITLE STATEMENT | |
| Statement of responsibility, etc | Gillian Rozenberg |
| Title | Microscopic 3e Hematology : |
| Remainder of title | a practical guide for the laboratory / |
| 250 ## - EDITION STATEMENT | |
| Edition statement | 3rd ed |
| 260 ## - PUBLICATION, DISTRIBUTION, ETC. (IMPRINT) | |
| Place of publication, distribution, etc | Australia |
| Name of publisher, distributor, etc | Elsevier |
| Date of publication, distribution, etc | 2011 |
| 300 ## - PHYSICAL DESCRIPTION | |
| Extent | 256 pages |
| Withdrawn status | Lost status | Damaged status | Home library | Current library | Shelving location | Date acquired | Source of acquisition | Total Checkouts | Full call number | Barcode | Date last seen | Date checked out | Price effective from | Koha item type |
|---|---|---|---|---|---|---|---|---|---|---|---|---|---|---|
| South SEED-LPDH College Library | South SEED-LPDH College Library | South SEED-LPDH College Section | 01/16/2018 | Library Fund | 1 | RB 145 .R893 2011 | SSLC1628 | 05/15/2018 | 04/06/2018 | 01/16/2018 | Books |